<?xml version="1.0" encoding="UTF-8"?>
<record
    xmlns:xsi="http://www.w3.org/2001/XMLSchema-instance"
    xsi:schemaLocation="http://www.loc.gov/MARC21/slim http://www.loc.gov/standards/marcxml/schema/MARC21slim.xsd"
    xmlns="http://www.loc.gov/MARC21/slim">

  <leader>03010na  a2200289   4500</leader>
  <controlfield tag="001">22648</controlfield>
  <controlfield tag="003">MIRAKIL</controlfield>
  <controlfield tag="005">20181213155159.0</controlfield>
  <controlfield tag="008">170221b        tu            000 0      </controlfield>
  <datafield tag="040" ind1=" " ind2=" ">
    <subfield code="a">Milas</subfield>
    <subfield code="b">tur</subfield>
    <subfield code="c">TR-AnCHP</subfield>
  </datafield>
  <datafield tag="041" ind1=" " ind2=" ">
    <subfield code="a">tur</subfield>
  </datafield>
  <datafield tag="082" ind1=" " ind2=" ">
    <subfield code="a">SODEP 324.172</subfield>
    <subfield code="b">S62 [1984-85]</subfield>
  </datafield>
  <datafield tag="090" ind1=" " ind2=" ">
    <subfield code="a">SODEP 324.172 S62 [1984-85]</subfield>
  </datafield>
  <datafield tag="110" ind1=" " ind2=" ">
    <subfield code="a">Sosyal Demokrasi Partisi (SODEP)</subfield>
  </datafield>
  <datafield tag="245" ind1=" " ind2=" ">
    <subfield code="a">[SODEP'in &#xE7;e&#x15F;itli rapor ve yay&#x131;nlar&#x131;] </subfield>
    <subfield code="c">SODEP</subfield>
  </datafield>
  <datafield tag="260" ind1=" " ind2=" ">
    <subfield code="a">Ankara</subfield>
    <subfield code="b">SODEP</subfield>
    <subfield code="c">[1984-1985]</subfield>
  </datafield>
  <datafield tag="300" ind1=" " ind2=" ">
    <subfield code="a">c.</subfield>
    <subfield code="c">30</subfield>
  </datafield>
  <datafield tag="440" ind1=" " ind2=" ">
    <subfield code="a">SODEP yay&#x131;nlar&#x131;</subfield>
  </datafield>
  <datafield tag="505" ind1=" " ind2=" ">
    <subfield code="a">Genel Ba&#x15F;kan Erdal &#x130;n&#xF6;n&#xFC;'n&#xFC;n MKYK toplant&#x131;s&#x131;nda sundu&#x11F;u rapor (20 temmuz 1984) - SODEP Haber B&#xFC;lteni (say&#x131; 3, 8 May&#x131;s 1984) - Sa&#x11F;l&#x131;k sorunlar&#x131; komisyonu raporu/ T&#xFC;rkan Akyol - Sosyal Demokrasi Partisi disiplin y&#xF6;netmeli&#x11F;i -- Sosyal Demokrasi Partisi Genel ba&#x15F;kan&#x131; Erdal &#x130;n&#xF6;n&#xFC;'n&#xFC;n 6 haziran 1984 birinci kurulu&#x15F; y&#x131;ld&#xF6;n&#xFC;m&#xFC; nedeniyle yapt&#x131;&#x11F;&#x131; bas&#x131;n toplant&#x131;s&#x131; -- Sosyal Demokrasi Partisi Genel ba&#x15F;kan&#x131; Erdal &#x130;n&#xF6;n&#xFC;'n&#xFC;n birinci b&#xFC;y&#xFC;k kongre a&#xE7;&#x131;&#x15F; konu&#x15F;mas&#x131; (6 Temmuz 1984) -- Sosyal Demokrasi Partisi Had&#x131;mk&#xF6;y belediyesi ba&#x15F;kan aday&#x131; &#xD6;zcan Ta&#xE7;k&#x131;nba&#x15F; - Say&#x131;n Ba&#x15F;bakan&#x131;n faiz oranlar&#x131;, deval&#xFC;asyon ve enflasyon konusundaki son beyanlar&#x131; &#xFC;zerine SODEP Genel Merkezinden yap&#x131;lan a&#xE7;&#x131;klama (22 A&#x11F;ustos 1984) - [Pertek SODEP il&#xE7;e ba&#x15F;kan&#x131; O&#x11F;uz Dilek'in  SODEP Ba&#x15F;kan&#x131;na mektubu (20 Ekim 1984)] - SODEP Haber B&#xFC;lteni SODEP Genel Merkezinden yap&#x131;lan a&#xE7;&#x131;klama - Dalokay mimarl&#x131;k at&#xF6;lyesi -- Sosyal Demokrasi Partisinin genel ekonomik sorunlara bak&#x131;&#x15F;&#x131;  (19 &#x15E;ubat 1984) -- SODEP Genel ba&#x15F;kan&#x131; Erdal &#x130;n&#xF6;n&#xFC;'n&#xFC;n 12 Nisan 1985 g&#xFC;n&#xFC; ikinci k&#xFC;&#xE7;&#xFC;k kongre a&#xE7;&#x131;&#x15F; konu&#x15F;mas&#x131; -- -- Sosyal Demokrasi Partisi ikinci k&#xFC;&#xE7;&#xFC;k kurultay&#x131;nda kabul olunan &#xF6;ncelikler bildirgesi (14 Nisan 1985) --  Ba&#x15F;bakan Say&#x131;n Turgut &#xD6;zal'a mektup (10 may&#x131;s 1985) - Yeni b&#xFC;y&#xFC;me stratejisi - Di&#x15F; sa&#x11F;l&#x131;- di&#x15F; hekimli&#x11F;i sorunlar&#x131; - SODEP ekonomik sorunlar komisyonu rapor-taslak- (Oca 1985) - &#x130;&#xE7; siyasal komisyonu af politikas&#x131;na ili&#x15F;kin raporu - B&#xFC;t&#xFC;nle&#x15F;me ve ilk hedefler &#xE7;a&#x11F;r&#x131;s&#x131; (12 A&#x11F;ustos 1985) - SODEP &#xF6;rg&#xFC;t y&#xF6;neticilerinin e&#x11F;ilimleri anketi -- Sosyal Demokrasi Partisi t&#xFC;z&#xFC;k (1983) - T&#xFC;rkiye'de yabanc&#x131;lar&#x131;n ta&#x15F;&#x131;maz edinmeleri konusu ve Sosyal Demokrasi Partisinin soruna yakla&#x15F;&#x131;m&#x131; - Sosyal g&#xFC;venlik sorunlar&#x131; komisyonu raporu - Sosyal Demokrasi partisinin sosyal politikas&#x131; hakk&#x131;nda sosyal politika komisyonunun-i&#x15F;&#xE7;i-memur- sorunlar&#x131; komisyonu (Kas&#x131;m 1984) SODEP se&#xE7;im bildirgesi (25 Mart 1984 yerel se&#xE7;imleri) - SODEP 1984 y&#x131;l&#x131; yerel se&#xE7;imlerin say&#x131;sal d&#xF6;k&#xFC;m&#xFC; - K&#xFC;lt&#xFC;r ve Sanat Komisyonunca sunulan rapor (Ocak 1985) - SODEP haber b&#xFC;lteni : &#xDC;niversitelerde e&#x11F;itim d&#xFC;zeyi s&#xFC;rekli d&#xFC;&#x15F;&#xFC;r&#xFC;l&#xFC;yor (4 Temmuz 1984)</subfield>
  </datafield>
  <datafield tag="610" ind1=" " ind2=" ">
    <subfield code="a">SODEP</subfield>
    <subfield code="x">Komisyon raporlar&#x131;</subfield>
  </datafield>
  <datafield tag="610" ind1=" " ind2=" ">
    <subfield code="a">SODEP</subfield>
    <subfield code="x">Programlar</subfield>
  </datafield>
  <datafield tag="610" ind1=" " ind2=" ">
    <subfield code="a">SODEP</subfield>
    <subfield code="x">Raporlar</subfield>
  </datafield>
  <datafield tag="610" ind1=" " ind2=" ">
    <subfield code="a">SODEP</subfield>
    <subfield code="x">T&#xFC;z&#xFC;k ve y&#xF6;netmelikler</subfield>
  </datafield>
  <datafield tag="710" ind1=" " ind2=" ">
    <subfield code="a">SODEP</subfield>
  </datafield>
  <datafield tag="942" ind1=" " ind2=" ">
    <subfield code="2">dcc</subfield>
    <subfield code="c">BKS</subfield>
  </datafield>
  <datafield tag="952" ind1=" " ind2=" ">
    <subfield code="a">0001</subfield>
    <subfield code="b">0001</subfield>
    <subfield code="d">2017-02-21</subfield>
    <subfield code="e">2</subfield>
    <subfield code="l">0</subfield>
    <subfield code="o">SODEP 324.172 S62 [1984-85]</subfield>
    <subfield code="p">016229</subfield>
    <subfield code="r">2017-02-21 00:00:00</subfield>
    <subfield code="v">0.00</subfield>
    <subfield code="w">2017-02-21</subfield>
    <subfield code="x"> Klas&#xF6;r</subfield>
    <subfield code="y">BKS</subfield>
  </datafield>
  <datafield tag="999" ind1=" " ind2=" ">
    <subfield code="c">8093</subfield>
    <subfield code="d">8093</subfield>
  </datafield>
</record>
